000 00308nam a22001337a 4500
008 170825b xxu||||| |||| 00| 0 eng d
020 _a2900205543723
041 _aeng
080 _26 ED
_a070
100 _a39
101 _aMED
245 _aINTERPERSONAL COMMUNICATION
_cKNAPP.L.M
942 _2udc
_cBK
999 _c25051
_d25051